000 00907nac a22002051u 4500
010 _a 97009530
020 _a0471182095 (cloth : alk. paper)
082 0 0 _a620.106
_bM6279
090 _c4460
_d4460
100 _aMiddleman, Stanley.
245 1 3 _aAn introduction to fluid dynamics :
_bprinciples of analysis and design /
_cStanley Middleman.
260 _aNew York :
_bWiley,
_cc1998.
300 _axiv, 513 p. :
_bill. ;
_c26 cm.
504 _aIncludes bibliographical references and index.
650 0 _aFluid dynamics
_xMathematical models.
856 4 2 _3Publisher description
_uhttp://www.loc.gov/catdir/description/wiley0310/97009530.html
856 4 2 _3Table of Contents
_uhttp://www.loc.gov/catdir/toc/onix04/97009530.html
942 _cBB
_k620.106M6279
999 _c4460
_d4460